Central Library OPAC University of Rajshahi

Census of Pakistan, 1951: (Record no. 3308)

MARC details
000 -LEADER
fixed length control field 01040nam a2200277 a 4500
001 - CONTROL NUMBER
control field 3308
003 - CONTROL NUMBER IDENTIFIER
rucl marc code BD-RjUL
005 - DATE AND TIME OF LATEST TRANSACTION
control field 20211208233717.0
008 - FIXED-LENGTH DATA ELEMENTS--GENERAL INFORMATION
fixed length control field 171109s1957 p 000 0 eng d
035 ## - SYSTEM CONTROL NUMBER
System control number (BD-RjUL) 3342
040 ## - CATALOGING SOURCE
Original cataloging agency BD-RjUL
Transcribing agency BD-RjUL
Modifying agency BD-RjUL
Language of cataloging eng
041 ## - LANGUAGE CODE
Language code of text/sound track or separate title eng
082 ## - DEWEY DECIMAL CLASSIFICATION NUMBER
Edition number 23
Classification number 304.609549021
Author mark and year PAC 1957
110 ## - MAIN ENTRY--CORPORATE NAME
Corporate name or jurisdiction name as entry element Pakistan.
Subordinate unit Ministry of the Interior.
9 (RLIN) 219385
245 ## - TITLE STATEMENT
Title Census of Pakistan, 1951:
Remainder of title Demographic miscellany /
Statement of responsibility, etc. Pakistan. Ministry of the Interior.
246 ## - VARYING FORM OF TITLE
Title proper/short title Census of Pakistan, 1951. Census bulletin. No. 6, Demographic miscellany.
260 ## - PUBLICATION, DISTRIBUTION, ETC. (IMPRINT)
Place of publication, distribution, etc. Karachi :
Name of publisher, distributor, etc. Ministry of the Interior, Govt. of Pakistan,
Date of publication, distribution, etc. 1957.
300 ## - PHYSICAL DESCRIPTION
Pagination i, 74 pages :
Illustrations ill. ;
Size 24 cm
490 ## - SERIES STATEMENT
Series statement Census bulletin ;
Volume/sequential designation No. 6,
500 ## - GENERAL NOTE
General note "Cover title."
General note On lower cover: "Published by the Manager of Publications, Karachi."
650 ## - SUBJECT ADDED ENTRY--TOPICAL TERM
Topical term or geographic name as entry element Pakistan
General subdivision Population.
9 (RLIN) 219375
Topical term or geographic name as entry element Pakistan
General subdivision Census, 1951.
9 (RLIN) 219376
830 ## - SERIES ADDED ENTRY--UNIFORM TITLE
Uniform title Census bulletin ;
Volume number/sequential designation No. 6,
942 ## - ADDED ENTRY ELEMENTS (KOHA)
Source of classification or shelving scheme Dewey Decimal Classification
Koha item type Rare Books
Holdings
Lost status Source of classification or shelving scheme Damaged status Not for loan Collection code Permanent Location Current Location Shelving location Date acquired Source of acquisition Total Checkouts Full call number Date last seen Copy number Koha item type
  Dewey Decimal Classification   Not For Loan Rare Books Central Library, University of Rajshahi Central Library, University of Rajshahi Rare Book Section 17/11/1960 N/A   RA 304.609549021 PAC 1957 09/11/2017 C-1 Rare Books
  Dewey Decimal Classification   Not For Loan Rare Books Central Library, University of Rajshahi Central Library, University of Rajshahi Rare Book Section 17/11/1960 N/A   RA 304.609549021 PAC 1957 09/11/2017 C-2 Rare Books